Teaching reading in the content areas : developing content literacy for all students /
Đã lưu trong:
| Tác giả chính: | |
|---|---|
| Định dạng: | Sách |
| Ngôn ngữ: | English |
| Được phát hành: |
Englewood Cliffs, NJ :
Prentice Hall,
1996.
|
| Những chủ đề: | |
| Các nhãn: |
Thêm thẻ
Không có thẻ, Là người đầu tiên thẻ bản ghi này!
|
| Thư viện lưu trữ: | Mạng thư viện Đại học Đà Nẵng |
|---|
| LEADER | 00888cam a2200325 i 4500 | ||
|---|---|---|---|
| 001 | 000045578 | ||
| 003 | 4767 | ||
| 005 | 20030228120506.0 | ||
| 008 | 010220|1996 vm 000 eng | ||
| 020 | |a 0023247118 | ||
| 040 | |a IRC |c IRC |d IRC | ||
| 041 | 0 | |a eng | |
| 082 | 1 | 4 | |a 428.40712 |b CO-R |
| 100 | 1 | |a Cooter, Robert B. | |
| 245 | 0 | 0 | |a Teaching reading in the content areas : |b developing content literacy for all students / |c Robert B. Cooter. |
| 260 | |a Englewood Cliffs, NJ : |b Prentice Hall, |c 1996. | ||
| 300 | |a xxi, 352p. : |b ill. | ||
| 630 | 0 | 4 | |a English language. |
| 650 | 0 | 4 | |a Content area reading. |
| 650 | 0 | 4 | |a Reading (Secondary) |
| OWN | |a DUT | ||
| 999 | |a From the UDN01 | ||
| TYP | |a Monograph | ||
| TYP | |a Printed language | ||
| 980 | |a Mạng thư viện Đại học Đà Nẵng | ||


